000 00627nam a2200121Ia 4500
008 220620s9999||||xx |||||||||||||| ||und||
100 _aTavares, Naiara Clemente||Aguiar, Pedro Henrique Nascimento de||Gava, Sandra Grossi||Oliveira, Guilherme||Mourão, Marina Moraes
245 0 _aChapter Schistosomiasis: Setting Routes for Drug Discovery
546 _aEnglish[eng]
650 _ametro, platforms, trains, subway aerosol, indoor air quality, exposure, commuting
856 _uhttps://library.oapen.org/bitstream/20.500.12657/49166/1/52444.pdf||https://library.oapen.org/bitstream/20.500.12657/49166/1/52444.pdf
942 _cEB
999 _c25452
_d25452